| 000 | 00860nam a22002177a 4500 | ||
|---|---|---|---|
| 999 |
_c12023 _d12023 |
||
| 003 | AR-CdUCM | ||
| 008 | 190405b ||||| |||| 00| 0 spa d | ||
| 040 |
_aMUNICIPALIDAD PROVINCIAL DEL CUSCO _cBIBLIOTECA MUNICIPAL DEL CUSCO |
||
| 082 |
_aC / 575.1 / _bD45 |
||
| 100 |
_aDegregori de Nieto, Bertha _929675 |
||
| 245 |
_aEugenesia : _bNecesidad de su aplicación en el Perú / |
||
| 260 |
_aCusco : _bEdiciones Amauta, _c1967. |
||
| 300 |
_a88 páginas ; _c24 cm. |
||
| 505 | _aContenido: Historia de la eugenesia -- Moral, política y eugenesia -- Herencia y eugenesia -- Eugenesia y Derecho -- Esterilización e inseminación artificial ... | ||
| 650 |
_aEugenesia _928636 |
||
| 650 |
_aHerencia _99110 |
||
| 650 |
_aDerecho _9739 |
||
| 710 |
_aUniversidad Nacional San Antonio de Abad (Cusco) _91879 |
||
| 942 |
_2ddc _cLIBROS |
||
| 945 |
_aachl _d2019-04-05 |
||